[Event "FRA-chT4"]
[Site "France"]
[Date "2013.04.08"]
[Round "7.8"]
[White "Gervaise, Marina"]
[Black "Pierlot, Aurore"]
[Result "1/2-1/2"]
[WhiteElo "1650"]
[BlackElo "1420"]
[PlyCount "108"]
[EventDate "2012.10.24"]
[EventType "team-swiss"]
[EventRounds "9"]
[EventCountry "FRA"]
[SourceTitle "EXT 2014"]
[Source "ChessBase"]
[SourceDate "2013.11.20"]
[SourceVersion "1"]
[SourceVersionDate "2013.11.20"]
[SourceQuality "1"]

1. e4 e5 2. Nf3 Nc6 3. Nc3 d6 4. b3 Nf6 5. h3 Be7 6. Bc4 Be6 7. Bxe6 fxe6 8. Bb2 d5 9. exd5 exd5 10. d4 e4 11. Ne5 Qd6 12. Nxc6 Qxc6 13. a3 0-0-0 14. Qe2 h5 15. Qb5 Qe6 16. 0-0-0 a6 17. Qe2 g5 18. Rhe1 g4 19. hxg4 Qxg4 20. Qxg4+ Nxg4 21. Re2 Rhf8 22. Rf1 Bg5+ 23. Kb1 h4 24. Bc1 Be7 25. Kb2 Rf5 26. Nd1 Rdf8 27. Ne3 Rxf2 28. Rexf2 Nxf2 29. Ka2 c6 30. Bd2 Bg5 31. c4 Bh6 32. Kb1 Nd3 33. Rxf8+ Bxf8 34. cxd5 cxd5 35. Nxd5 Bxa3 36. Nf6 Nf2 37. Be3 Nd1 38. Ng4 Kd7 39. Kc2 Nxe3+ 40. Nxe3 Kc6 41. Nf5 Kd5 42. Kc3 b5 43. Nxh4 b4+ 44. Kd2 Kxd4 45. g4 e3+ 46. Kc2 Ke5 47. g5 e2 48. Nf3+ Ke4 49. Ne1 Kf5 50. Nd3 Kxg5 51. Kd2 Kf5 52. Kxe2 Ke4 53. Kd2 Kd4 54. Kc2 Kd5 1/2-1/2

[Event "FRA-chT4"]
[Site "Ech Ardennais/La Francheville"]
[Date "2004.11.07"]
[Round "2"]
[White "Pierlot, Aurore"]
[Black "Puyo, Elisabeth"]
[Result "1-0"]
[WhiteElo "1280"]
[BlackElo "1260"]
[PlyCount "51"]
[EventDate "2004.10.10"]
[EventType "team"]
[EventRounds "3"]
[EventCountry "FRA"]
[SourceTitle "EXT 2007"]
[Source "ChessBase"]
[SourceDate "2006.11.23"]
[SourceVersion "1"]
[SourceVersionDate "2006.11.23"]
[SourceQuality "1"]

1. e4 e5 2. Nf3 Nc6 3. Bb5 a6 4. Bxc6 dxc6 5. Nxe5 Qd4 6. Ng4 Qxe4+ 7. Ne3 Be7 8. Nc3 Qg6 9. d3 Be6 10. Bd2 Nf6 11. Qe2 0-0 12. 0-0-0 b5 13. f4 Bg4 14. Nxg4 Nxg4 15. Qxe7 Rae8 16. Qh4 Nh6 17. Rhe1 Nf5 18. Qf2 Re6 19. Rxe6 Qxe6 20. Re1 Qd6 21. Ne4 Qd5 22. Qc5 Qxa2 23. Bb4 Rd8 24. Qxf5 Qd5 25. Qg4 Qd4 26. Bc3 1-0

[Event "FRA-chT4 0304"]
[Site "Champagne Ardenne"]
[Date "2004.02.01"]
[Round "5"]
[White "Pierlot, Aurore"]
[Black "Roux, Victoria"]
[Result "0-1"]
[WhiteElo "1300"]
[BlackElo "1310"]
[PlyCount "62"]
[EventDate "2003.10.??"]
[EventRounds "6"]
[EventCountry "FRA"]
[SourceTitle "EXT 2005"]
[Source "ChessBase"]
[SourceDate "2004.11.15"]
[SourceVersion "1"]
[SourceVersionDate "2004.11.15"]
[SourceQuality "1"]

1. e4 e5 2. Nf3 Nc6 3. Bb5 Nge7 4. Nc3 a6 5. Bxc6 Nxc6 6. d3 Bc5 7. Nd5 d6 8. Be3 Ba7 9. Bxa7 Rxa7 10. 0-0 0-0 11. h3 f5 12. exf5 Bxf5 13. d4 exd4 14. Nxd4 Nxd4 15. Qxd4 c5 16. Qe3 Bxc2 17. Ne7+ Kh8 18. Rae1 Ba4 19. Qc3 Bb5 20. Re3 Bxf1 21. Kxf1 Re8 22. Nf5 Rg8 23. Ne7 Rf8 24. Qd3 Re8 25. Nf5 Rxe3 26. Qxe3 b5 27. Qg3 h6 28. Nxd6 Rd7 29. Ne4 Rd3 30. Qg6 Rd1+ 31. Ke2 Qd3# 0-1